Egyptian secondary education : a study in philosophical foundations /

Bibliographic Details
Main Author: Samaan, Sadek H., 1922-
Format: Thesis Microform Book
Language:English
Published: [Place of publication not identified] : [publisher not identified] ; 1953.
Subjects:

MARC

Tag First Indicator Second Indicator Subfields
LEADER 00000cam a2200000 a 4500
001 in00000378721
005 20151011084927.0
007 hd af----b---
008 831006r19531953miu ab 00110 eng d
035 |a (OCoLC)09989472 
035 |9 ABQ4300AM 
040 |a TXA  |c TXA  |d UtOrBLW 
043 |a f-ua--- 
049 |a TXAI 
099 |a film  |a B  |a 250 
100 1 |a Samaan, Sadek H.,  |d 1922- 
245 1 0 |a Egyptian secondary education :  |b a study in philosophical foundations /  |c by Sadek H. Samaan. 
264 1 |a [Place of publication not identified] :  |b [publisher not identified] ;  |c 1953. 
300 |a 319 leaves. 
336 |a text  |b txt  |2 rdacontent 
337 |a microform  |b h  |2 rdamedia 
338 |a microfilm reel  |b hd  |2 rdacarrier 
500 |a Includes index. 
502 |b Ph. D.  |c Columbia University  |d 1953. 
504 |a Bibliography: leaves 305-319. 
533 |a Microfilm.  |b Ann Arbor, Mich. :  |c University Microfilms,  |d 1953?  |e 1 microfilm reel ; 35 mm. 
500 |a Microform. 
650 0 |a Education, Secondary  |z Egypt. 
999 |a MARS 
999 f f |s 5197fe94-cdba-36fe-8486-e61bb2dc94a5  |i e5db03fc-d962-3dda-ad68-580a2c007dcf  |t 0 
952 f f |p default  |a Texas A&M University  |b College Station  |c Sterling C. Evans Library  |d Evans: Microforms (3rd floor)  |t 0  |e film B 250  |h Other scheme  |i microform -- microfilm reel 
998 f f |a film B 250  |t 0  |l Evans: Microforms (3rd floor)